Feminista en falta : (Registro nro. 44675)
[ vista simple ]
| 000 -LEADER | |
|---|---|
| campo de control de longitud fija | 00749nam a2200265 a 4500 |
| 001 - NÚMERO DE CONTROL | |
| campo de control | 44675 |
| 003 - IDENTIFICADOR DE NÚMERO DE CONTROL | |
| campo de control | AR-BaAGN |
| 005 - FECHA Y HORA DE LA ÚLTIMA TRANSACCIÓN | |
| campo de control | 20231117134851.0 |
| 007 - CAMPO FIJO DE DESCRIPCIÓN FÍSICA--INFORMACIÓN GENERAL | |
| campo de control de longitud fija | ta |
| 008 - DATOS DE LONGITUD FIJA--INFORMACIÓN GENERAL | |
| campo de control de longitud fija | s2019 ag |||||r|||| ||| ||spa d |
| 020 ## - NÚMERO INTERNACIONAL ESTÁNDAR DEL LIBRO | |
| Número Internacional Estándar del Libro | 9789505567485 |
| 040 ## - FUENTE DE CATALOGACIÓN | |
| Centro catalogador/agencia de origen | AR-BaAGN |
| Lengua de catalogación | español |
| Normas de descripción | aacr |
| 942 ## - ELEMENTOS DE ENTRADA SECUNDARIOS (KOHA) | |
| Tipo de ítem Koha | Libro |
| Prefijo de la signatura | AGN |
| Suprimir en OPAC | No |
| 100 1# - ENTRADA PRINCIPAL--NOMBRE DE PERSONA | |
| ID autoridades | 4637 |
| Nombre de persona | Funes, Mercedes, |
| Fechas asociadas al nombre | 1977- |
| 245 10 - MENCIÓN DEL TÍTULO | |
| Título | Feminista en falta : |
| Resto del título | contradicciones, relatos y preguntas de una revolución en marcha / |
| Mención de responsabilidad, etc. | Mercedes Funes. |
| 250 ## - MENCION DE EDICION | |
| Mención de edición | 1a ed. |
| 260 ## - PUBLICACIÓN, DISTRIBUCIÓN, ETC. | |
| Lugar de publicación, distribución, etc. | Buenos Aires : |
| Nombre del editor, distribuidor, etc. | Galerna, |
| Fecha de publicación, distribución, etc. | 2019. |
| 300 ## - DESCRIPCIÓN FÍSICA | |
| Extensión | 276 páginas ; |
| Dimensiones | 22 cm |
| 336 ## - TIPO DE CONTENIDO | |
| Fuente | rdacontent |
| Código de tipo de contenido | texto |
| 337 ## - TIPO DE MEDIO | |
| Fuente | rdamedia |
| Código del tipo de medio | no mediado |
| 338 ## - TIPO DE SOPORTE | |
| Fuente | rdacarrier |
| Código del tipo de soporte | volumen |
| 650 #4 - PUNTO DE ACCESO ADICIONAL DE MATERIA--TÉRMINO DE MATERIA | |
| Término de materia o nombre geográfico como elemento de entrada | FEMINISMO |
| ID autoridades | 83 |
| 650 #4 - PUNTO DE ACCESO ADICIONAL DE MATERIA--TÉRMINO DE MATERIA | |
| Término de materia o nombre geográfico como elemento de entrada | ESTUDIO DE GÉNERO |
| ID autoridades | 85 |
| 655 ## - TERMINO DE INDIZACIÓN--GENERO/FORMA | |
| Término de género/forma | Ensayos |
| Estado de retiro | Estado de pérdida | Fuente del sistema de clasificación o colocación | Estado de conservación | Biblioteca actual | Ubicación en estantería | Signatura topográfica completa | Código de barras | Tipo de ítem Koha |
|---|---|---|---|---|---|---|---|---|
| Clasificación Decimal Dewey | Biblioteca del Archivo General de la Nación | AGN - Biblioteca | AGN 21043 | AGN-21043 | Libro |
